Stati per tasso di natalità - Asia - Statistics

Statistiche generali
  • Questo quiz è stato fatto 5 volte
  • Il punteggio medio è 7 su 10
Statistiche sulle risposte
Tasso di natalità (nati / 1000 abitanti) Nazione % Corretto
24,22 Iraq
100%
21,62 Oman
100%
22,19 Siria
100%
24,05 Yemen
100%
22,17 Filippine
80%
34,79 Afghanistan
60%
22,37 Giordania
60%
20,35 Laos
60%
26,01 Pakistan
60%
30,96 Timor Est
20%
Nessun quiz corrispondente trovato
Distribuzione punteggi
Percentuale di utenti per punteggio
Percentile per numero di risposta
I tuoi punteggi nel tempo
Non hai fatto questo quiz